000 00518nam a2200193 a 4500
001 BRCA_206
005 20190320202923.0
008 880830s1994 mx-c---##c---#000-0#spa-d
020 _a9686120289
041 _aspa
044 _amx
050 4 _aNK7114.M4
_b.R66 1994
100 1 _aRomero, Matías
_9724
245 1 0 _aEl patrón plata en México
_cMatías Romero.
260 _aMéxico
_bBanco de México
_c1994
300 _a238 p.
_bil. 1 retrato
_c23 cm.
650 1 4 _aPlata
_xHistoria
_zMéxico
_9725
942 _2lcc
_cB
999 _c169
_d169